On This Day: March 31st II Quiz Stats

 Plays Quiz Updated Mar 31, 2018

Score 0/7 Timer 03:00
0 Plays Today
Question Answer Wrong Answers
As punishment for the ______, the Kingdom of Great Britain orders the port of Boston, Massachusetts, closed pursuant to the Boston Port Act.
1774
Boston Tea Party
95.2%
Boston Massacre
3.2%
Battle of Bunker Hill
1.1%
Gaspee Affair
0.6%
The Intercollegiate Athletic Association of the United States, later renamed this, is established to set rules for college sports in the United States.
1906
National Collegiate Athletic Association
78.1%
National Collegiate Amateur Athletics
9%
American College Sports Association
7.4%
American Association of Amateur Athletics
3.3%
The United States takes possession of the Danish West Indies after paying $25 million to Denmark, and renames the territory the ______.
1917
United States Virgin Islands
77.8%
Cayman Islands
6.2%
Bahamas
7.8%
Turks and Caicos Islands
4.9%
This American labor leader and civil rights activist who, with Dolores Huerta, co-founded the National Farm Workers Association, is born.
1927
Cesar Chavez
77.7%
Reies Tijerina
2.1%
Hector P. Garcia
11.4%
Rodolfo Gonzales
4.8%
Known as the Queen of Tejano music, this popular American singer-songwriter is murdered by her fan club’s president in Corpus Christi, Texas.
1995
Selena
77%
Jenni Rivera
4.5%
Thalía
5.3%
Celia Cruz
8%
This nation, whose capital is Tbilisi, holds a referendum in which over 99% of voters support the country’s independence from the Soviet Union.
1991
Georgia
64.7%
Ukraine
13.2%
Estonia
15.8%
Poland
1.3%
With the backing of the US government, a coup d'état in ______ overthrows President João Goulart, and establishes a military government under general Castelo Branco.
1964
Brazil
36.4%
Portugal
9.2%
Spain
3.7%
Colombia
45.9%

You're not logged in!

Compare scores with friends on all Sporcle quizzes.
OR
Log In

Sporcle TV

Today on Sporcle TV


Watch our educational content, quiz creation guides, and fun videos on Sporcle TV.

Show Comments

Extras

Top Quizzes Today


Score Distribution

Your Account Isn't Verified!

In order to create a playlist on Sporcle, you need to verify the email address you used during registration. Go to your Sporcle Settings to finish the process.

Report this User

Report this user for behavior that violates our Community Guidelines.

Details: